[Event "DSOL 08 Liga Gr-A 1st"]
[Site "Playchess.com INT"]
[Date "2020.07.22"]
[Round "5.3"]
[White "Pavlova Erbis, Angelina"]
[Black "Rissler, Tim"]
[Result "0-1"]
[WhiteElo "1000"]
[BlackElo "799"]
[PlyCount "84"]
[EventDate "2020.06.22"]
[EventType "team-tourn (rapid)"]
[EventCountry "GER"]
[SourceTitle "EXT 2021"]
[Source "ChessBase"]
[SourceDate "2020.10.23"]
[SourceVersion "1"]
[SourceVersionDate "2020.10.23"]
[SourceQuality "1"]
[WhiteTeam "Alzenau Koenigsspringer III"]
[BlackTeam "Zell Schwarz Weiss II"]
[WhiteTeamCountry "GER"]
[BlackTeamCountry "GER"]

1. e4 e5 2. Nf3 Nc6 3. Nc3 Bc5 4. Bc4 Nf6 5. d3 d6 6. 0-0 Na5 7. Na4 Nxc4 8. Nxc5 dxc5 9. dxc4 Qxd1 10. Rxd1 0-0 11. Rd3 Re8 12. Bg5 Nxe4 13. Rad1 Bg4 14. Be3 f6 15. h3 Be6 16. Nd2 Bxc4 17. Rd7 Nd6 18. Bxc5 Rad8 19. Rxc7 Ba6 20. Nf3 Nb5 21. Rcd7 Rxd7 22. Rxd7 e4 23. Nh4 g6 24. Be3 f5 25. Bh6 Re6 26. Rd8+ Kf7 27. Rf8+ Ke7 28. Bg5+ Kxf8 29. Bh6+ Kf7 30. f3 e3 31. c4 Nd4 32. b4 Bxc4 33. a3 Nb3 34. a4 e2 35. a5 e1Q+ 36. Kh2 Qxh4 37. b5 Bxb5 38. Bc1 Nxc1 39. g3 Qd4 40. a6 Bxa6 41. h4 Qf2+ 42. Kh3 Bf1# 0-1